00406nam a2200157Ia 4500008004100000040001900041041001200060082002200072100001500094245003700109260003300146300002400179504001900203650001000222850001600232131103s9999 xx 000 0 und d aLoreto College aEnglish aRef/IbLCBED/2873 aFabun, Don 4aThe dynamic of changecDon Fabun aLondonbPrentice-Hallc[19?] a32p.b pic.c 25cm. aIncludes index aIndia aLCBED/Ref/I